Kluby piłkarskie które grały w Lidze Mistrzów - nagła śmierć - Statystyki

Ogólne statystyki
  • Ten quiz został rozwiązany 425 razy
    154 od ostatniego zresetowania
  • Średni wynik to 8 z 15
Answers on the Grid
Answers color-coded by a green-red scale on the quiz's grid according to % correct below.
VFL Wolfsburg
Valencia CF
Wisła Kraków
Sunderland
Sheriff Tyraspol
Dynamo Kijów
Rayo Vallecano
Bayer Leverkusen
Bodø/Glimt
Dynama Mińsk
Academica Coimbra
Atalanta Bergamo
FK Astana
Dundalk
RC Strasbourg
FCSB
Hearts of Midlothian
Žalgiris Wilno
Widzew Łódź
Ferencvaros
Rotor Wołgograd
Cercle Brugge
Zenit Petersburg
Getafe
Galatasaray
NK Osijek
Petržalka
KuPS Kuopio
KR Reykjavik
Olimpija Lublana
The New Saints
Unirea Urziceni
 
Statystyki odpowiedzi
Odpowiedź % Poprawnych
Valencia CF
81%
Dynamo Kijów
73%
Bayer Leverkusen
72%
VFL Wolfsburg
72%
Bodø/Glimt
66%
Atalanta Bergamo
60%
Galatasaray
56%
Sheriff Tyraspol
52%
Zenit Petersburg
45%
Widzew Łódź
43%
FCSB
42%
FK Astana
40%
Ferencvaros
38%
Petržalka
19%
Unirea Urziceni
11%
Nie znaleziono quizów pasujących do podanych kryteriów
Rozkład punktacji
Procent ludzi z każdym wynikiem
Percentyl według liczby udzielonych odpowiedzi
Twoja historia wyników
Nie rozwiązałeś tego quizu od ostatniego zresetowania